000 00638nam a2200205Ia 4500
003 ARRUPE
005 20170113145445.0
008 130303s9999 xx 000 0 und d
020 _a0385175930
040 _cARRUPELIB
050 _aBS1275.3W423
100 _aMoshe , Weinfield
_928335
245 _aDeuteronomy 1-11
_ba new translation with introduction and commentary
_cby Moshe , Weinfield
250 _a1st ed.
260 _aNew york
_bDoubleday & Co.
_c1964
300 _axiv, 458p.;
_c24cm.
440 _aThe anchor bible vol.; 5
_928336
650 _aBIBLE OT. Deuteronomy
_xCommentaries
_928337
942 _2lcc
_cMONOGRAPH
999 _c20037
_d20037